Knowledge Indonesia #4 - Statistics

General Stats
  • This quiz has been taken 16 times
  • The average score is 7 of 15
Answer Stats
Hint Answer % Correct
The city that is located 150 km from Singapore Batam
75%
Traditional dolls that have become an icon of Jakarta Ondel-Ondel
75%
Name of Indonesian military organization TNI
75%
The name of the stadium in Jakarta created by the first president GBK
67%
The origin of the Lumpia dish Semarang
58%
The strait that connects Java and Sumatra Sunda
50%
A technique for making fabric by combining threads lengthwise and crosswise Tenun
50%
The doll above comes from a tribe Betawi
42%
The famous plateau located in Central Java Dieng
42%
A tribe originating from Kalimantan Dayak
33%
Law enforcement organizations in Indonesia Polri
33%
The Indonesian submarine that sank in 2021 KRI Nanggala
25%
Mount Bromo is located in Kota Pasuruan
17%
Origin of the song "Cik-cik periuk" West Kalimantan
17%
Origin of the song "Ampar-Ampar Pisang" Central Kalimantan
8%
No matching quizzes found
Score Distribution
Percent of People with Each Score
Percentile by Number Answered
Your Score History
You have not taken this quiz